Responses for show #1302 - Tuesday, April 10, 1990

Contestants

[<< previous game]

Joel Silverman, a children's theater actor from Denver, Colorado

Kerry Noonan, an administrative assistant from Los Angeles, California

Ed Borasky, a supercomputer programmer from Aloha, Oregon (whose 2-day cash winnings total $27,249)

[next game >>]

Jeopardy! Round responses

FAMOUS NAMES
ADVERTISING SLOGANS
THE BIBLE
WEATHER
4-LETTER WORDS
PRESIDENTIAL ASTROLOGY
    $100 19
Telly Savalas

Joel
    $100 3
Hallmark Card

Kerry
    $100 4
parables

Kerry
    $100 11
lightning

Ed
    $100 16
link

Joel
    $100 1
Cancer

Ed
    $200 21
O. Henry

Ed
    $200 7
Buick

Kerry
    $200 5
burn

Kerry
    $200 12
100%

Ed
    $200 22
coma

Joel
    $200 2
Libra

Joel
    $300 27
Roberta Flack

Ed
    $300 8
Sprite

Ed
    $300 6
manna

Ed
    $300 13
waterspouts

Ed
    $300 23
heel

Ed
    $300 17
Gemini

Kerry
    $400 28
Armand Hammer

Ed
    $400 9
Coppertone

Kerry
    $400 18
(Kerry: No..)

Jericho

Kerry
    $400 14
(Ed: What is winter?)
(Joel: What is spring?)
(Kerry: What is fall?)

Summer

EdKerryJoel
Triple Stumper
    $400 24
rake

Ed
    $400 25
(Franklin) Pierce

Ed
    $500 29
Marianne

Triple Stumper
    $500 10
Fisher-Price

Ed
    $500 20
the Ark of the Covenant

Kerry
    $500 15
inversion

Ed
    $500 30
plum

Ed
    $500 26
Aquarius (W.H. Harrison, Lincoln, McKinley & FDR were the presidents who died in office)

Kerry

Scores at the first commercial break (after clue 18):

Ed Kerry Joel
$1,900 $500 -$100

Scores at the end of the Jeopardy! Round:

Ed Kerry Joel
$4,400 $1,500 $200

Double Jeopardy! Round responses

SCIENCE & NATURE
WORLD GEOGRAPHY
PIRATE MOVIES
AUTHORS
AMERICAN HISTORY
WINE
    $200 2
bird

Ed
    $200 19
Portugal

Ed
    $200 1
Captain Blood

Ed
    $200 7
Dr. Benjamin Spock

Joel
    $200 15
(Joel: What is Alaska?)

Hawaii

EdJoel
    $200 10
Spain

Kerry
    $400 3
gum line

Ed
    $400 20
the River Jordan

Joel
    $400 8
Jamaica

Ed
    $400 9
Ernest Hemingway

Ed
    $400 16
(Ed: What is registering to vote?)
(Kerry: What is protesting for the vote?)

Voting

EdKerry
Triple Stumper
    $400 17
chateau

Joel
    $600 4
seals

Ed
    $600 21
Lake Baikal

Ed
    $600 12
Douglas Fairbanks, Sr.

Kerry
    $700 11
(Kerry: What is... Sybil?)

The Picture of Dorian Gray

Kerry
    $600 18
Air Force

Ed
    $600 23
nose

Ed
    $800 5
Nobelium

Ed
    $800 22
(Joel: What is New Zealand?)

Australia

EdJoel
    $800 13
(Ed: Who is Long John Silver?)

Blackbeard

EdKerry
    $800 24
Aldous Huxley

Ed
    $800 25
CIA

Ed
    $800 26
decanting

Kerry
    $1000 6
(Joel: What are platelets?)

serum

Joel
Triple Stumper
    $800 28
(Kerry: What is Argentina?)

Belize & El Salvador

Kerry
    $1000 14
Paul Henreid

Triple Stumper
    $1000 27
Dorothy Parker

Kerry
    $1000 29
Governor of Massachusetts

Joel
    $1000 30
Germany

Ed

Scores at the end of the Double Jeopardy! Round:

Ed Kerry Joel
$11,800 $3,000 $200
(lock game)

[wagering suggestions for these scores]

Final Jeopardy! Round responses

CABLE TELEVISION
JoelWhat is Nickleodeon?
$199
KerryWhat is Cinemax?
$2,500
EdWhat is Home Box Office?
$1,024
Nickelodeon

Final scores:

Ed Kerry Joel
$10,776 $500 $399
3-day champion: $38,025 2nd place: Trip to Bahamas 3rd place: Ricoh Mirai Zoom Camera

Game dynamics:

Coryat scores:

Ed Kerry Joel
$11,800 $4,900 $200
31 R,
3 W
13 R,
5 W
(including 3 DDs)
8 R,
4 W

Combined Coryat: $16,900

The J! Archive is created by fans, for fans. The Jeopardy! game show and all elements thereof, including but not limited to copyright and trademark thereto, are the property of Jeopardy Productions, Inc. and are protected under law. This website is not affiliated with, sponsored by, or operated by Jeopardy Productions, Inc. Join the discussion at JBoard.tv.